| 000 | 02063nam a22002777a 4500 | ||
|---|---|---|---|
| 005 | 20161118110503.0 | ||
| 008 | 130419k18651876fr |||fr|||||001|0|fre|d | ||
| 040 |
_aCo-BoUCM _bspa _cSandra Yazo (modificó) _dSandra Yazo (modificó) |
||
| 041 | 1 |
_aspa _hfre |
|
| 082 | 0 | 4 |
_a445 _220 |
| 092 | _aE05N035 | ||
| 100 | 1 |
_aSommer, E. _q(Edouard) _c1822-1866 _938029 |
|
| 245 | 1 | 0 |
_aMétodo uniforme para la enseñanza de las lenguas _cpor E. Sommer _pCurso completo de gramática francesa _pEjercicios sobre el curso completo de gramática francesa _pCorrección de los ejercicios sobre el curso completo de gramática francesa |
| 260 |
_aParís (Francia) _bLibrería de L. Hachette y Cia. _bImprenta general de Ch. Lahure _c1868 - 1876 |
||
| 300 |
_a3 volúmenes (vii, 388 ; 295 ; 267 páginas) _c22 x 14 cm. |
||
| 500 | _aDetalles físicos: Encuadernación rígida en cartón forrado en papel, lomo de tela encolada, con tejuelo en papel. Tapa delantera con la impresión de la portada. Conserva parcialmente las guardas. Anteportada. Portada impresa en una sola tinta. Texto impreso en una sola columna con varios tipos y tamaños de letra, notas al pie de página. Deterioro en bordes de las tapas notorio en el V.3, esquinas dobladas, residuos de cinta pegante en tapas y lomo. Algunas manchas sobre el papel de oxidación, papel, varia de calidad entre los volúmenes | ||
| 505 | 0 | _aV.1: Gramática: Elementos del lenguaje: Nombre ; Artículo ; Adjetivo Pronombre ; Verbo: auxiliares y activos, irregulares y defectivos ; Adverbio ; Preposición ; Conjunción ; Sintaxis: de concordancia, de régimen, de subordinación ; Idiotismos -- V.2: Ejercicios -- V.3: Respuestas correctas y soluciones de los ejercicios prácticos | |
| 506 | _aConsulta en sala | ||
| 546 | _aTexto en francés y español. | ||
| 650 | 7 |
_aFrancés _vLibros de texto _916125 |
|
| 650 | 7 |
_aFrancés _xEnseñanza _932508 |
|
| 650 | 7 |
_aGramática francesa _916520 |
|
| 690 |
_aLingüística _918563 |
||
| 700 | 1 |
_aHernández, Pascual _938030 |
|
| 942 |
_cLIBRO _e2 _a12 _2LOCAL _hE05N035 |
||
| 999 |
_c69721 _d69721 |
||